000 00459 a2200169 4500
003 Nust
005 20230131125856.0
008 170511b xxu||||| |||| 00| 0 eng d
040 _cNust
082 _a297.63
100 _aHaykal,Muhammad Husayn
_9419
245 _aThe Life of MUHAMMAD
_cMuhammad Husayn Haykal and Ismail Ragi A Al Faruqi
260 _aKarachi
_bDarul Ishaat
300 _a639:p
650 _aThe Life of MUHAMMAD
_9420
942 _2ddc
_cBK
999 _c185544
_d185544